| 000 | 00835cam a22002054a 4500 | ||
|---|---|---|---|
| 005 | 20250605164247.0 | ||
| 008 | 250528s ||||||||||||||||||||||||d | ||
| 035 | _a21578 | ||
| 020 | _a9789600112498 | ||
| 040 |
_aGR-AtMCL _bgre _dGR-AtMCL _eAACR2 |
||
| 245 | 1 | _aΟ ΗΡΩΑΣ ΚΑΙ Η ΗΡΩΙΔΑ ΜΕ ΤΑ ΧΙΛΙΑ ΠΡΟΣΩΠΑ / Νέες απόψεις για το φύλο στην παιδική λογοτεχνία | |
| 250 | _a1 | ||
| 260 |
_bGutenberg, _c2008 |
||
| 300 | _a319 | ||
| 520 | _aΛΟΓΟΤΕΧΝΙΚΗ ΘΕΩΡΙΑ ΠΑΙΔΙΚΗ ΛΟΓΟΤΕΧΝΙΑ ΦΕΜΙΝΙΣΤΙΚΗ ΚΡΙΤΙΚΗ ΑΝΑΠΑΡΑΣΤΑΣΕΙΣ ΦΥΛΟΥ ΑΝΔΡΙΣΜΟΣ ΑΓΟΡΙΣΤΙΚΗ ΤΑΥΤΟΤΗΤΑ | ||
| 700 | 1 |
_aΚανατσουλη Μενη _97540 |
|
| 942 | _cBK | ||
| 999 |
_c6639 _d6639 |
||